Operations Research An Introduciton. (Record no. 346487)
[ view plain ]
| 000 -LEADER | |
|---|---|
| fixed length control field | 00385 a2200157 4500 |
| 003 - CONTROL NUMBER IDENTIFIER | |
| control field | OSt |
| 005 - DATE AND TIME OF LATEST TRANSACTION | |
| control field | 20180116182818.0 |
| 008 - FIXED-LENGTH DATA ELEMENTS--GENERAL INFORMATION | |
| fixed length control field | 160817b xxu||||| |||| 00| 0 eng d |
| 040 ## - CATALOGING SOURCE | |
| Transcribing agency | 0 |
| 100 ## - MAIN ENTRY--PERSONAL NAME | |
| Personal name | Hamdy A. Taha |
| 245 ## - TITLE STATEMENT | |
| Title | Operations Research An Introduciton. |
| Statement of responsibility, etc. | Hamdy A.Taha |
| 250 ## - EDITION STATEMENT | |
| Edition statement | 6th |
| 260 ## - PUBLICATION, DISTRIBUTION, ETC. | |
| Place of publication, distribution, etc. | Islamabad |
| Date of publication, distribution, etc. | 1998 |
| 300 ## - PHYSICAL DESCRIPTION | |
| Extent | 916 |
| 942 ## - ADDED ENTRY ELEMENTS (KOHA) | |
| Institution code [OBSOLETE] | NBS |
| Koha item type | Book |
| Call number prefix | 658.4034 TAH |
| Source of classification or shelving scheme | |
| Withdrawn status | Lost status | Damaged status | Not for loan | Permanent Location | Current Location | Date acquired | Total Checkouts | Full call number | Barcode | Date last seen | Price effective from | Koha item type | Date last checked out | Public note |
|---|---|---|---|---|---|---|---|---|---|---|---|---|---|---|
| Central Library (CL) | Central Library (CL) | 08/28/2013 | 658.4034 TAH | NBS2475 | 08/28/2013 | 08/28/2013 | Book | |||||||
| Central Library (CL) | Central Library (CL) | 08/28/2013 | 658.4034 TAH | NBS2359 | 08/28/2013 | 08/28/2013 | Book | |||||||
| Write Off | Central Library (CL) | Central Library (CL) | 08/28/2013 | 1 | 658.4034 TAH | NBS2476 | 07/06/2015 | 08/28/2013 | Book | 07/06/2015 | No. 0908/NBS/IRC Dated: 12 June, 2012 | |||
| Central Library (CL) | Central Library (CL) | 08/28/2013 | 1 | 658.4034 TAH | NBS2477 | 01/16/2022 | 08/28/2013 | Book | 11/03/2021 |
